000 01785nam a2200337 i 4500
001 000000494
003 DO-SdBNP
005 20251119135523.0
007 ta
008 081028s2018 dr ab 001 0 spa d
020 _a9789945910179
040 _aDO-SdBNP
_bspa
_cBNPHU
_erda
041 _hspa
082 4 _a027.662
_bV161r
_222
100 1 _a Valenzuela Sosa, Fabio
_d
_91640
_eautor
_4aut.
245 1 0 _aReflexiones y recomendaciones ante el debacle documental del Morgan /
_cFabio Valenzuela Sosa ; cuidado de edición, Fabio Valenzuela Sosa, Harol Frías Maggiolo.
264 4 _aSanto Domingo, República Dominicana :
_bArchivo General de la Nación,
_c©2018.
300 _a85 páginas :
_bilustraciones, retratos ;
_c23 cm.
336 _atexto
_btxt
_2rdacontent
337 _asin mediación
_bn
_2rdamedia
338 _avolumen
_bnc
_2rdacarrier
490 _aArchivo General de la Nación ;
_v334
500 _aIncluye datos biográficos del autor en la solapa de la cubierta
505 0 _aUna introducción necesaria -- Un macabro regalo de Reyes para los pacientes del Morgan -- El presidente Danilo toma el toro del Morgan por los Cuernos -- La inteligencia dominicana reacciona ante la debacle de Morgan -- La revolución en el manejo de la información médica en la locomotora del mundo -- Los jefes del Morgan dan la cara después del "documenticidio" -- Reflexiones y recomendaciones ante la debacle documental del Morgan.
_g
590 _aInventariado, 2020/VM
610 1 4 _aHospital Luis Aybar Morgán (República Dominicana)
_977565
650 4 _aArchivos de hospitales
_zRepública Dominicana
_v
_977566
700 _aFrías Maggiolo, Harold,
_eeditor
_4ed.
_978325
910 _aVMateo. Validado. Control de Calidad/MAA
942 _2ddc
_cLBS1
999 _c49273
_d49273